书目信息 |
| 题名: |
专业传达设计
|
|
| 作者: | 毛德宝 编著 | |
| 分册: | ||
| 出版信息: | 杭州 浙江摄影出版社 1997.06 |
|
| 页数: | 155页 | |
| 开本: | 16开 | |
| 丛书名: | ||
| 单 册: | ||
| 中图分类: | J524 | |
| 科图分类: | ||
| 主题词: | 工艺美术--中国 | |
| 电子资源: | ||
| ISBN: | 7-80536-458-3 | |
| 000 | 00549nam0 2200193 45 | |
| 001 | 0011161880 | |
| 005 | 20001116182649.8 | |
| 010 | @a7-80536-458-3@d89.00元 | |
| 100 | @a20001116d1997 km y0chiy0120 ea | |
| 101 | 0 | @achi |
| 105 | @a z 000yy | |
| 200 | 1 | @a专业传达设计@AZhuan Ye Chuan Da She Ji@f毛德宝编著@FMao De Bao Bian Zhu |
| 210 | @a杭州@c浙江摄影出版社@d1997.06 | |
| 215 | @a155页@d16开 | |
| 606 | 0 | @a工艺美术@x中国 |
| 690 | @aJ524@v3 | |
| 701 | 0 | @a毛德宝@4编著 |
| 801 | @aCN@bPftUser@c20001116 | |
| 905 | @b409665-674@dJ524@eM030/1@f10 | |
| 专业传达设计/毛德宝编著.-杭州:浙江摄影出版社,1997.06 |
| 155页;16开 |
| ISBN 7-80536-458-3:89.00元 |
| ● |
| 相关链接 |
|
|
|
正题名:专业传达设计
索取号:J524/M030/1
 
预约/预借
| 序号 | 登录号 | 条形码 | 馆藏地/架位号 | 状态 | 备注 |
| 1 | 409665 | 204096655 | 自科二线404/404自科库 16排5列4层/ [索取号:J524/M030/1] | 在馆 | |
| 2 | 409666 | 204096664 | 社科库309/309社科库 86排4列4层/ [索取号:J524/M030/1] | 在馆 | |
| 3 | 409667 | 204096673 | 自科二线404/309社科库 49排3列2层/ [索取号:J524/M030/1] | 在馆 | |
| 4 | 409668 | 204096682 | 社科库309/ [索取号:J524/M030/1] | 在馆 | |
| 5 | 409669 | 204096691 | 社科库309/309社科库 86排4列4层/ [索取号:J524/M030/1] | 在馆 | |
| 6 | 409670 | 204096708 | 自科二线404/309社科库 49排3列2层/ [索取号:J524/M030/1] | 在馆 | |
| 7 | 409671 | 204096717 | 社科库309/ [索取号:J524/M030/1] | 在馆 | |
| 8 | 409672 | 204096726 | 社科库309/309社科库 86排4列4层/ [索取号:J524/M030/1] | 在馆 | |
| 9 | 409673 | 204096735 | 社科库309/ [索取号:J524/M030/1] |
已借出,限还日期为2008.04.11 借出人:王剑 |
|
| 10 | 409674 | 204096744 | 自科二线404/404自科库 16排5列4层/ [索取号:J524/M030/1] | 在馆 |